00735nam a22002057a 4500999001900000005001700019010001500036020002600051035001400077037001300091082001000104100002000114245006600134260004500200270006700245300002700312500004300339942002400382952012300406 c159831d15983120190114111248.0 aENG-124634 a9780199489282c650.00 aEN-108166 bDBAD/PUB a340.9 aGovindaraj V.C. aPrivate international law:cby Govindaraj V.C.ba case study/ aNew Delhi bOxford Univrsity Pressc2018 a2/11 Ground Floor, Ansari Road, Daryaganj,bNew Delhi e110002 axiv, 170p. c21cm.(Hb) aIt includes index and about the author 2ddccENmGOVh340.9 001040718NFICaDBADbBL1d2019-01-07eDBAD/PUBg650.00l0o340.9 GOVpEN-108166r2019-01-07 00:00:00t1v650.00yEN